| 000 | 00000nas 2200000za 4500 |
| 001 | 9.503887 |
| 003 | CaOODSP |
| 005 | 20221107133328 |
| 007 | cr ||||||||||| |
| 008 | 150406d20082009oncar p o f0 b0fre|d |
| 040 | |aCaOODSP|bfre |
| 043 | |an-cn--- |
| 086 | 1 |aCC371-2F-PDF |
| 110 | 1 |aCanada.|bTéléfilm Canada. |
| 245 | 10|aTéléfilm Canada, plan d'entreprise 2006/2007-2010/2011, priorités |h[ressource électronique]. |
| 260 | |a[Ottawa] : |bTéléfilm Canada, |c[2008-2009?] |
| 310 | |aAnnuel |
| 362 | 0 |a[2008/2009-2009/2010]. |
| 500 | |aPubli. aussi en anglais sous le titre : Telefilm Canada corporate plan 2006/2007-2010/2011, priorities. |
| 775 | 08|tTelefilm Canada corporate plan 2006/2007-2010/2011, priorities |w(CaOODSP)9.507500 |